| 000 | 01547nam a2200313 i 4500 | ||
|---|---|---|---|
| 001 | 132920 | ||
| 003 | ES-MaACL | ||
| 005 | 20260114152638.0 | ||
| 007 | t| | ||
| 008 | 070214s1911 sp |||| | spa d | ||
| 080 | _a141.332 | ||
| 100 | 1 |
_aRoso de Luna, Mario, _d1872-1931 _999794 |
|
| 245 | 1 | 0 |
_aConferencias teosóficas en América del Sur / _cMario Roso de Luna. |
| 260 |
_aMadrid : _bLibrería de Pueyo, _c1911 ( _fImp. de F. Moliner) |
||
| 300 |
_a2 v. (362, 349 p. : _b1 retr.) ; _c18 cm. |
||
| 490 | 1 | _aBiblioteca teosófica | |
| 505 | 8 | _aContiene: Dedicatoria: A los teosofistas de la América del Sur ; Canto de amor ; El titanismo contemporáneo y la teosofía ; Los tres objetivos de la Sociedad Teosófica ; Religión, leyenda y mito ; Espiritismo, ocultismo y ciencia positiva | |
| 530 | _aDisponible en formato digital. | ||
| 599 | _aRetr. de D. Federico W. Fernández, capitán de fragata, retirado, de la Marina argentina y delegado presidencial de la Sociedad Teosófica en América del Sur. | ||
| 650 | 7 |
_aTeosofía _2embne _917478 |
|
| 650 | 4 |
_aEspiritismo. _912502 |
|
| 650 | 7 |
_aOcultismo _2embne _915681 |
|
| 830 | 1 |
_aBiblioteca teosófica _9186917 |
|
| 852 |
_aES-MaACL _jD-3579-80 _cSVI |
||
| 856 | 4 |
_uhttp://bdh-rd.bne.es/viewer.vm?id=0000248549&page=1 _y(Biblioteca Digital Hispánica) |
|
| 856 | 4 |
_uhttps://bibliotecavirtualmadrid.comunidad.madrid/bvmadrid_publicacion/es/consulta/registro.do?id=3818 _y(Biblioteca Digital de la Comunidad de Madrid) |
|
| 942 | _2udc | ||
| 999 |
_c132920 _d132920 |
||